02313cam a2200325 i 45000010009000000050017000090080041000260100017000670150019000840200028001030350013001310350022001440400049001660420014002150500020002292450168002492640038004173000063004554900052005185000035005705040051006055200969006566500031016257000031016567000087016877000069017747000030018438300053018738560061019262287432220250915131451.0221121s2023 enka b 001 0 eng d a 2022950477 aGBC2L88162bnb a9781509959389qhardback a22874322 a(OCoLC)1355089714 aUKMGBbengerdacUKMGBdBDXdOCLCFdYDXdDLC alccopycat00aK370b.C66 202300aCombining the legal and the social in sociology of law b: an homage to Reza Banakar c/ edited by Håkan Hydén, Roger Cotterrell, David Nelken, Ulrike Schultz. 1aOxford :bHart Publishing,c2023. axvii, 476 pages :billustrations (black & white) ;c24 cm.1 aOñati international series in law and society aOpen access version available. aIncludes bibliographical references and index. aThis chapter will follow in Reza Banakar’s footsteps by investigating legal pluralism in a globalized world. It takes the transnational legal pluralistic reality surrounding corporations as its point of departure and examines how two corporations accused of misconduct manoeuvre around the legal pluralistic terrain to their advantage, and at the same time attempt to define which laws should be applicable within the field of corporate regulation. The examples are taken from two Swedish companies that have been the focus of various legal battles for suspected misconduct: the Telia Company (previously TeliaSonera) and Lundin Energy (previously Lundin Oil and Lundin Petroleum). In the analysis, I utilize Bourdieu’s analytical tool of ‘field’ and of struggles between social agents that possess various forms of capital (Bourdieu, 1993), to understand how the two multinational companies make strategic use of different and competing legal regulations. 0aSociological jurisprudence1 aHydén, Håkan,eeditor.1 aCotterrell, Rogerq(Roger B. M.),eeditor.1https://isni.org/isni/00000001086883541 aNelken, David,eeditor.1https://isni.org/isni/0000000375177479.1 aSchultz, Ulrike,eeditor. 0aOñati international series in law and society. uhttps://directory.doabooks.org/handle/20.500.12854/98552